|
|
|
|
| LEADER |
00000nab a2200000 a 4500 |
| 001 |
vtls000907084 |
| 003 |
SK-MaSNL |
| 005 |
20260305041913.0 |
| 008 |
040720e20010310xo 0 slo |
| 035 |
|
|
|a KE16024
|
| 040 |
|
|
|a KEVKJB
|b slo
|c KEVKJB
|e AACR2
|
| 041 |
0 |
|
|a slo
|
| 044 |
|
|
|a xo
|c SK
|
| 080 |
|
|
|a 656.71
|2 1981
|
| 080 |
|
|
|a 69
|2 1981
|
| 100 |
1 |
|
|a Jurkovičová, Klaudia
|4 aut
|9 877349
|
| 245 |
1 |
0 |
|a Letištný terminál budú stavať Bardejovské pozemné stavby
|
| 610 |
2 |
7 |
|a Letisko (Košice, Slovensko)
|2 KEVKJB
|9 29622
|
| 610 |
2 |
7 |
|a Bardejovské pozemné stavby (Bardejov, Slovensko)
|2 KEVKJB
|9 1619027
|
| 650 |
0 |
7 |
|a terminály nové
|2 KEVKJB
|9 877303
|
| 650 |
0 |
7 |
|a stavebné práce
|2 KEVKJB
|9 68050
|
| 650 |
0 |
7 |
|a dodávatelia
|2 KEVKJB
|9 2072
|
| 650 |
0 |
7 |
|a konanie výberové
|2 KEVKJB
|9 878110
|
| 650 |
0 |
7 |
|a podniky vybrané
|2 KEVKJB
|9 1623032
|
| 651 |
|
7 |
|a Košice (Slovensko)
|2 KEVKJB
|9 18694
|
| 651 |
|
7 |
|a KE,
|2 KEVKJB
|9 877256
|
| 655 |
|
7 |
|a periodikum
|2 snkbucl
|9 29553
|
| 710 |
2 |
|
|a Letisko (Košice, Slovensko)
|4 aut
|9 29622
|
| 710 |
2 |
|
|a Bardejovské pozemné stavby (Bardejov, Slovensko)
|4 aut
|9 1619027
|
| 773 |
0 |
8 |
|t Košický denník Korzár
|g Roč. 4, č.58, 10.3.2001, s. 1
|x 1335-4566
|
| 852 |
|
|
|a ZVYKNI
|b KIS3GCP
|
| 999 |
|
|
|c 3345430
|d 3347360
|